Novela zpřísnila pravidla

Rozsiahla regulácia reklamy na liečivé prípravky a prostriedky zdravotníckej techniky podľa novej právnej normy v ČR. Regulácia reklamy na liečivé prípravky v krajinách Európskej únie (Francúzsko, Nemecko, Veľká Británia).

Salvato in:
Dettagli Bibliografici
Autore principale: Trávníček, Lukáš
Natura: Capitolo di libro
Lingua:ceco
Soggetti:
Tags: Aggiungi Tag
Nessun Tag, puoi essere il primo ad aggiungerne!!

MARC

LEADER 00000naa a2200000 4500
001 r045846
005 20231004070524.3
041 0 |a cze 
044 |a CZ 
245 1 0 |a Novela zpřísnila pravidla  |c Lukáš Trávníček 
520 |a Rozsiahla regulácia reklamy na liečivé prípravky a prostriedky zdravotníckej techniky podľa novej právnej normy v ČR. Regulácia reklamy na liečivé prípravky v krajinách Európskej únie (Francúzsko, Nemecko, Veľká Británia). 
610 2 0 |a reklama 
610 2 0 |a liečivá 
610 2 0 |a regulácia 
610 2 0 |a Česko 
610 2 0 |a Európska únia 
610 2 0 |a Francúzsko 
610 2 0 |a Nemecko 
610 2 0 |a Veľká Británia 
610 2 0 |a normy právne 
610 2 0 |a technika zdravotnícka 
610 2 0 |a zákony 
610 2 0 |a novelizácia 
100 1 |a Trávníček, Lukáš